000 00963nmc a2200349 a 4500
003 AR-BaBNM
005 20251128202749.0
008 285020s1995 ||||||||||||||000 | spa||
020 _a987-9069-08-0
040 _cAR-BaBNM
100 1 _aBertoni, Lilia Ana
245 1 0 _aLos tiempos de Rosas
260 _aBuenos Aires
_bGramón-Colihue
_c1995
300 0 _a63 p.
490 0 _aUna historia argentina
_vv. 7
650 4 _aHISTORIA POLITICA
650 4 _aROSAS Y SU TIEMPO
650 4 _aREACCIONES CONTRA ROSAS
650 4 _aRELACIONES INTERNACIONALES
650 4 _aGUERRAS CIVILES ARGENTINAS
650 4 _aVUELTA DE OBLIGADO
650 4 _aBATALLA DE CASEROS
650 4 _aUNITARIOS
650 4 _aFEDERALES
651 4 _aArgentina
700 1 _aRomero, Luis Alberto
700 1 _aMontes, Graciela
_ecolaborador
700 1 _aSchlaen, Carlos
_eilustrador
700 1 _aGeller, Federico
_eilustrador
942 _cBK
998 _cmaria eugenia
999 _c456
_d456